000 00502cam a2200169 4500
008 090401t1997 xxu||||| |||| 00| 0 eng d
020 _a011322060X
035 _a(Sirsi) u98346
041 _aeng
110 _aNHS Estates
_92893
245 _aGuide to requirements of the European public procurement directives : Amendment no. 3 (1997)
260 _aLondon
_bStationery Office
_c1997
350 _a0
520 _aForms part of the "Concode" set of documents.
942 _n0
948 _c19/05/1997
999 _c99170
_d99170